Advanced accounting (Record no. 83679)

MARC details
000 -LEADER
fixed length control field 00898nam a2200193 a 4500
008 - FIXED-LENGTH DATA ELEMENTS--GENERAL INFORMATION
fixed length control field 120416s1981 ||||||||||||||||| || u
050 ## - LIBRARY OF CONGRESS CALL NUMBER
Classification number HF 5635 Whe
100 ## - MAIN ENTRY--PERSONAL NAME
Personal name Wheeler, James E
245 10 - TITLE STATEMENT
Title Advanced accounting
246 ## -
-- a professional approach
260 ## - PUBLICATION, DISTRIBUTION, ETC.
Place of publication, distribution, etc. Homewood, Ill.
Name of publisher, distributor, etc. Irwin
Date of publication, distribution, etc. [1981]
300 ## - PHYSICAL DESCRIPTION
Extent ix, 489p.
350 ## -
-- 0.00
650 #0 - SUBJECT ADDED ENTRY--TOPICAL TERM
Topical term or geographic name entry element ECONOMICS
650 #0 - SUBJECT ADDED ENTRY--TOPICAL TERM
Topical term or geographic name entry element ACCOUNTING--HANDBOOKS, MANUALS, ETC
995 ## -
-- ANNEX COLLECTION (Main Library)
-- 0.00
-- 70553
-- CBU-MAIN LIBRARY (Kitwe)
-- 3
-- 0.00
-- HF 5635 Whe
-- 2
-- AVAILABLE
-- 006997
-- Annex Low-Usage Collection
995 ## -
-- ANNEX COLLECTION (Main Library)
-- 0.00
-- 704554
-- CBU-MAIN LIBRARY (Kitwe)
-- 2
-- 0.00
-- HF 5635 Whe
-- 3
-- AVAILABLE
-- 006998
-- Annex Low-Usage Collection
995 ## -
-- ANNEX COLLECTION (Main Library)
-- 0.00
-- 704552
-- CBU-MAIN LIBRARY (Kitwe)
-- 1
-- 0.00
-- HF 5635 Whe
-- 1
-- AVAILABLE
-- 006996
-- Annex Low-Usage Collection
999 ## -
-- 83679
-- 83679
Holdings
Withdrawn status Lost status Source of classification or shelving scheme Damaged status Not for loan Permanent Location Current Location Shelving location Date acquired Total Checkouts Full call number Barcode Date last seen Copy number Price effective from Koha item type
          CBU-MAIN LIBRARY, KITWE. CBU-MAIN LIBRARY, KITWE.   01/08/2024   HF 5635 Whe 006997 01/08/2024 1 01/08/2024 MONOGRAPH
Withdrawn         CBU-MAIN LIBRARY, KITWE. CBU-MAIN LIBRARY, KITWE.   01/08/2024   HF 5635 Whe 006998 01/08/2024 2 01/08/2024 MONOGRAPH
          CBU-MAIN LIBRARY, KITWE. CBU-MAIN LIBRARY, KITWE.   01/08/2024   HF 5635 Whe 006996 01/08/2024 3 01/08/2024 MONOGRAPH